Baroque Composers - Statistics

General Stats
  • This quiz has been taken 862 times
  • The average score is 6 of 15
Answer Stats
Hint Composer % Correct
German composer and organist known for having many children and for his use of counterpoint. Arguably the most well known baroque composer. Johann Sebastian Bach
99%
The Red Priest of Venice. Known for the Four Seasons concerti for violin. Antonio Vivaldi
88%
German-British composer famous for The Messiah, Water Music, and Royal Fireworks Music George Frideric Handel
81%
Known for his Canon in D Major, as well as his extensive repertoire for organ Johann Pachelbel
70%
English composer, famous for the opera Dido & Aeneas, perhaps the first English language opera Henry Purcell
51%
Italian composer born in 1567, instrumental to the development of opera Claudio Monteverdi
47%
Prolific and very famous during his lifetime, but now lesser known German composer, preferred above #1 for important positions in his day. Composed solo Fantasias for flute and violin Georg Philipp Telemann
40%
Italian born French composer and court musician, known for operas and dance music. Stabbed himself in the foot with his conducting stick and died of gangrene. Jean Baptiste Lully
40%
Influential violinist and composer. Developed the trio sonata form. Known for his string compositions, such as his Christmas Concerto Archangelo Corelli
34%
Danish born composer and organist who influenced the above Dietrich Buxtehude
30%
Viola da gamba player and composer portrayed by Gerard Depardieu and his son in the film Tous les matins du monde Marin Marais
17%
German composer famous for dance music of Terpsichore, documentation of instruments of his day and the development of the Protestant hymn Michael Praetorius
16%
German flutist, music teacher to Frederick the Great of Prussia Johann Joachim Quantz
14%
Dutch composer and organist and a contemporary of the above Jan Pieterszoon Sweelinck
12%
French instrument maker and composer known for his compositions for wind instruments and his treatise for playing the flute, oboe, and recorder Jacques Martin Hotteterre
8%
No matching quizzes found
Score Distribution
Percent of People with Each Score
Percentile by Number Answered
Your Score History
You have not taken this quiz